[Event "London Classic 9th"]
[Site "London"]
[Date "2017.12.05"]
[Round "4"]
[White "Vachier Lagrave, Maxime"]
[Black "Carlsen, Magnus"]
[Result "1/2-1/2"]
[WhiteElo "2789"]
[BlackElo "2837"]
[PlyCount "84"]
[EventDate "2017.12.01"]
[EventType "tourn"]
[EventRounds "9"]
[EventCountry "ENG"]
[EventCategory "22"]
[SourceTitle "CBM 182"]
[Source "ChessBase"]
[SourceDate "2018.01.17"]
[SourceVersion "1"]
[SourceVersionDate "2018.01.17"]
[SourceQuality "1"]

1. e4 e5 2. Nf3 Nc6 3. Bc4 Bc5 4. c3 Nf6 5. d3 d6 6. O-O O-O 7. Re1 Ne7 8. d4 Bb6 9. a4 ({RR} 9. Nbd2 Ng6 10. Bd3 c6 11. Nf1 Bg4 12. Be3 d5 13. dxe5 Nxe5 14. exd5 Bxf3 15. gxf3 Nxd5 16. Be2 Qf6 17. Bxb6 axb6 18. Ng3 Nf4 19. Kh1 Rfd8 20. Qc2 g6 21. a3 Nxe2 22. Qxe2 Nxf3 23. Qe7 Qf4 {Zemlyanskii,I (2543)-Afanasiev,N (2526) Leninskiy RUS 2024 0-1 (35)}) 9... c6 ({RR} 9... a5 10. Be3 Nxe4 11. dxe5 Bxe3 12. Rxe3 d5 13. Bxd5 Nc5 14. Bb3 Be6 15. Qxd8 Raxd8 16. Bxe6 fxe6 17. Na3 Nd5 18. Re2 Nf4 19. Rc2 Nxa4 20. Nc4 b6 21. g3 Nd5 22. Nd4 Nc5 23. f4 a4 24. Re2 {Vachier Lagrave,M (2779)-Dominguez Perez,L (2739) Chess.com INT 2018 1-0 (52)}) 10. dxe5 Ng4 11. Rf1 dxe5 $146 ({RR} 11... Nxe5 12. Nxe5 dxe5 13. Qxd8 Rxd8 14. a5 Bc7 15. Be3 Bd7 16. Rd1 Bg4 17. Rxd8+ Rxd8 18. Nd2 Nc8 19. f3 Bd7 20. b4 Kf8 21. Kf1 Ke7 22. Ke2 f6 23. Kd1 Be6 24. Bxe6 Kxe6 25. Kc2 g6 26. Nb3 {Dominguez Perez,L (2758)-Xiong,J (2710) Saint Louis 2021 1-0 (38)}) ({RR} 11... Nxe5 12. Nxe5 dxe5 13. Qxd8 Rxd8 14. a5 Bc7 15. Be3 Bd7 16. Rd1 Bg4 17. Rxd8+ Rxd8 18. Nd2 Nc8 19. f3 Bd7 20. b4 Kf8 21. Kf1 Ke7 22. Ke2 f6 23. Kd1 Be6 24. Bxe6 Kxe6 25. Kc2 g6 26. Nb3 {Dominguez Perez,L (2758)-Xiong,J (2710) Saint Louis 2021 1-0 (38)}) 12. Qxd8 Bxd8 13. h3 Nf6 14. Nxe5 Nxe4 15. Re1 Nd6 16. Bb3 Re8 17. Nf3 Nd5 18. Rd1 Ne4 19. Bxd5 cxd5 20. Rxd5 Be6 21. Re5 Nf6 22. Re1 Bc7 23. Na3 a6 24. Nc2 Nd5 25. c4 Nf4 26. Bxf4 Bxf4 27. b3 Rad8 28. Rad1 Kf8 29. Nb4 Bc7 30. Nd3 Bf5 31. Rxe8+ Kxe8 32. Re1+ Kf8 33. Nc5 Bc8 34. Kf1 Ba5 35. Re3 Rd1+ 36. Ke2 Rb1 37. Ne4 Rb2+ 38. Kf1 Bf5 39. Nd6 Rb1+ 40. Ke2 Rb2+ 41. Kf1 Rb1+ 42. Ke2 Rb2+ 1/2-1/2

[Event "London Classic 9th"]
[Site "London"]
[Date "2017.12.06"]
[Round "5"]
[White "Carlsen, Magnus"]
[Black "So, Wesley"]
[Result "1/2-1/2"]
[WhiteElo "2837"]
[BlackElo "2788"]
[PlyCount "136"]
[EventDate "2017.12.01"]
[EventType "tourn"]
[EventRounds "9"]
[EventCountry "ENG"]
[EventCategory "22"]
[SourceTitle "CBM 182"]
[Source "ChessBase"]
[SourceDate "2018.01.17"]
[SourceVersion "1"]
[SourceVersionDate "2018.01.17"]
[SourceQuality "1"]

1. e4 e5 2. Nf3 Nc6 3. Bb5 Nf6 4. d3 Bc5 5. Bg5 Nd4 6. Nxd4 Bxd4 7. c3 Bb6 8. Nd2 c6 9. Ba4 h6 10. Bh4 d6 ({RR} 10... O-O 11. O-O d5 12. exd5 cxd5 13. Qe2 e4 14. dxe4 Bg4 15. Qe1 dxe4 16. Nxe4 g5 17. Bg3 Qe7 18. Nd6 Qe6 19. Bb3 Qd7 20. h3 Bxh3 21. Rd1 Bg4 22. Nxf7 Bxd1 23. Ne5+ Bxb3 24. Nxd7 Bc4 25. Nxf8 {So,W (2773)-Rasulov,V (2480) Chess.com INT 2022 1-0 (40)}) 11. Nc4 Bc7 ({RR} 11... Be6 12. Nxb6 axb6 13. Bc2 d5 14. f3 b5 15. O-O b4 16. d4 dxe4 17. fxe4 bxc3 18. bxc3 Qa5 19. Qf3 exd4 20. cxd4 Qd2 21. Bd3 Qb2 22. Bxf6 gxf6 23. d5 cxd5 24. exd5 Qd4+ 25. Kh1 Bxd5 26. Qg3 {Pranesh,M (2611)-Tarhan,A (2439) Bajina Basta SRB 2025 ½-½}) 12. Ne3 Bb6 13. Bb3 $146 ({RR} 13. Qf3 g5 14. Bg3 Bxe3 15. fxe3 Bg4 16. Qf2 Nh5 17. Bb3 Qe7 18. O-O Be6 19. Qf3 Nxg3 20. Qxg3 O-O-O 21. Rf3 Rh7 22. Raf1 Rg8 23. Bxe6+ fxe6 24. Rf6 h5 25. d4 exd4 26. exd4 g4 27. e5 d5 {Mihok,O (2522)-Parligras,M (2550) Hungary HUN 2024 1-0 (39)}) 13... g5 14. Bg3 Bxe3 15. fxe3 Bg4 16. Qd2 Nh5 17. O-O O-O 18. Be1 Qe7 19. h3 Be6 20. Qe2 Bxb3 21. Qxh5 Bc2 22. Qe2 Ba4 23. b3 Bb5 24. a4 Ba6 25. b4 b6 26. c4 Bb7 27. a5 f6 28. d4 Qh7 29. c5 bxc5 30. bxc5 Qxe4 31. cxd6 exd4 32. Qc4+ Kg7 33. a6 Bc8 34. Qxd4 Qxd4 35. exd4 Rb8 36. Bf2 Rf7 37. d5 cxd5 38. Rfc1 d4 39. Bxd4 Bf5 40. Rc7 Rd8 41. Bc5 Rdd7 42. Rxd7 Rxd7 43. Kf2 Be4 44. g4 f5 45. Ke3 Kf6 46. Ra5 Bc2 47. Rb5 Ke6 48. Rb2 f4+ 49. Kd4 Bd1 50. Rb8 f3 51. Ke3 Kd5 52. Ba3 Be2 53. Rh8 Kc4 54. Rxh6 Kb3 55. Bc5 Kc4 56. Bd4 Kd5 57. Rg6 Rxd6 58. Rxg5+ Ke6 59. Bxa7 Rxa6 60. Bc5 Ra2 61. Kf4 f2 62. Re5+ Kf7 63. Rf5+ Kg8 64. Bxf2 Bf1 65. Kg3 Ra3+ 66. Rf3 Rxf3+ 67. Kxf3 Bxh3 68. Kf4 Bxg4 1/2-1/2

[Event "Tata Steel-A 80th"]
[Site "Wijk aan Zee"]
[Date "2018.01.13"]
[Round "1"]
[White "Carlsen, Magnus"]
[Black "Caruana, Fabiano"]
[Result "1/2-1/2"]
[WhiteElo "2834"]
[BlackElo "2811"]
[Annotator "Fernandez,Daniel Howard"]
[PlyCount "80"]
[EventDate "2018.01.13"]
[EventType "tourn"]
[EventRounds "13"]
[EventCountry "NED"]
[EventCategory "20"]
[SourceTitle "CBM 183"]
[Source "ChessBase"]
[SourceDate "2018.03.14"]
[SourceVersion "1"]
[SourceVersionDate "2018.03.14"]
[SourceQuality "1"]
[TimeControl "40/5400+30:1800+30"]

1. e4 {[%emt 0:00:00]} e5 {[%emt 0:00:00]} 2. Nf3 {[%emt 0:00:00]} Nf6 {[%emt 0:00:00]} 3. Nxe5 {[%emt 0:00:00]} d6 {[%emt 0:00:00]} 4. Nf3 {[%emt 0:00:00]} Nxe4 {[%emt 0:00:00]} 5. Qe2 {[%emt 0:00:00] A minor choice, generally renowned for leading to a drawish ending.'} Qe7 {[%emt 0:00:00]} 6. d3 {[%emt 0:00:00]} Nf6 {[%emt 0:00:00]} 7. Nc3 {[%emt 0:00:00]} Qxe2+ {[%emt 0:06:40]} 8. Bxe2 {[%emt 0:00:00]} g6 {[%emt 0:00:12]} ({On schematic grounds, I might have preferred} 8... c6 {[%csl Rc3] to close off all options of b5 and 'dominate' the c3-knight. The followup could then be ...d5 and ...g4, with the idea of trying to exchange the light-squared bishop for anything, and exchange the pair of dark-squared bishops.}) 9. Nd4 {[%emt 0:05:37]} a6 {[%emt 0:04:25]} 10. Bf4 {[%emt 0:05:06] Now this pressures the d6-pawn, so as to prevent ...c6 following a fianchetto. Black has little choice but to play ...c6 one way or another, and he will be left with doubled pawns.'} Bg7 {[%emt 0:00:33]} (10... Nbd7 {is the maximalist move, trying to prevent f3 altogether.}) 11. h3 {[%emt 0:00:43]} Bd7 {[%emt 0:06:15]} 12. Bf3 {[%emt 0:00:36]} Nc6 {[%emt 0:00:15]} 13. Nxc6 {[%emt 0:00:14]} Bxc6 {[%emt 0:00:05]} 14. Bxc6+ {[%emt 0:00:13]} bxc6 {[%emt 0:00:06]} 15. O-O-O {[%emt 0:00:50]} Kd7 {[%emt 0:06:33] Objectively, there is nothing whatsoever wrong with Black's position, and as long as one doesn't get carried away with premonitions of White kings appearing on a5 after the rooks come off (echoes of Rubinstein) then it is also easy enough to play.'} 16. Rhe1 {[%emt 0:01:14]} Rhe8 {[%emt 0:04:33]} 17. Ne4 $146 {[%emt 0:00:42]} (17. Bd2 {[%cal Ge1e8,Gd1e1] may have been wisest, focusing on the task of exchanging all the rooks as quickly as possible and then placing pawns on light squares.}) ({RR} 17. Bd2) 17... Nd5 {[%emt 0:07:57]} (17... Nxe4 18. dxe4 Re6 19. f3 Rae8 20. Bd2 {[%cal Gc2c4,Gc1c2] is also fine but now White's moves are definitely easier to find, starting with c4, Kc2, b3.}) 18. Bd2 {[%emt 0:00:11]} f5 {[%emt 0:02:42]} 19. Ng5 {[%emt 0:00:11]} h6 {[%emt 0:00:09]} 20. Nf3 {[%emt 0:00:09]} g5 {[%emt 0:04:07]} 21. c3 {[%emt 0:02:59]} c5 {[%emt 0:07:56]} 22. Kc2 {[%emt 0:02:16]} Bf6 {[%emt 0:00:30]} ({The computer wants} 22... a5 {but it can never be good to allow this pawn to be fixed.}) 23. Rxe8 {[%emt 0:01:08]} Rxe8 {[%emt 0:01:29]} 24. Re1 {[%emt 0:00:11]} Rf8 {[%emt 0:05:21]} 25. Rh1 {[%emt 0:01:51]} Re8 {[%emt 0:06:55]} 26. g3 {[%emt 0:01:59]} g4 {[%emt 0:09:09]} 27. Ng1 {[%emt 0:00:38]} Bg5 {[%emt 0:00:14]} 28. Kd1 {[%emt 0:06:20]} a5 {[%emt 0:11:46]} 29. Ne2 {[%emt 0:02:30] One of several acceptable moves.} (29. a4 Rb8 $1 $15 {was the point and White is being stretched a bit thin.}) 29... a4 {[%emt 0:00:13]} (29... Rb8 $5 30. b3 a4 31. Bxg5 hxg5 {is a little bit testing, perhaps}) 30. Bxg5 {[%emt 0:05:53]} hxg5 {[%emt 0:00:15]} 31. hxg4 {[%emt 0:00:09]} fxg4 {[%emt 0:00:04]} 32. Rh5 {[%emt 0:00:22]} Re5 {[%emt 0:01:40]} 33. Rh7+ {[%emt 0:00:31]} Ke6 {[%emt 0:07:59]} 34. a3 {[%emt 0:13:54]} (34. d4 {screams out to be played, but there is nothing much going on here either:} Rf5 35. c4 Nb6 36. b3 axb3 37. axb3 Rf3 $11 {Nevertheless, this was marginally safer for White than the game.}) 34... Rf5 {[%emt 0:00:09]} 35. c4 {[%emt 0:02:06]} Nf6 {[%emt 0:05:21]} 36. Rh2 {[%emt 0:00:45] It looks slightly dangerous to a human to allow ...xf2, because ...d7-e5 with pressure will follow soon.'} Rf3 {[%emt 0:00:52]} 37. Kc2 {[%emt 0:00:51]} Nd7 {[%emt 0:00:45]} 38. d4 {[%emt 0:05:54] Else White is in very obvious difficulties.} Nb6 {[%emt 0:00:17]} (38... Rf5 {is a sensible engine suggestion; this keeps a bit of pressure by not clarifying the situation of the d4-pawn.} 39. Kd3 (39. Rh7 Nb6 40. dxc5 Rxc5 $36) 39... Rf7 {An engine move; what was your first clue?} 40. Rh6+ $6 Ke7 41. Rh2 cxd4 42. Nxd4 Ne5+ 43. Kc3 c5 $15) 39. dxc5 {[%emt 0:00:42]} dxc5 {[%emt 0:00:07]} 40. Nc3 {[%emt 0:00:00]} Ke5 (40... Ke5 {[%emt 0:00:00]} {Presumably the expected continuation was:} 41. Nd1 {[%emt 0:00:00]} Nxc4 42. Rh5 Kd4 43. Rxg5 Ne5 44. Rg7 {when White is completely out of the woods.}) 1/2-1/2

[Event "Tata Steel-A 80th"]
[Site "Wijk aan Zee"]
[Date "2018.01.14"]
[Round "2"]
[White "Adhiban, Baskaran"]
[Black "Carlsen, Magnus"]
[Result "0-1"]
[WhiteElo "2655"]
[BlackElo "2834"]
[Annotator "Fernandez,Daniel Howard"]
[PlyCount "72"]
[EventDate "2018.01.13"]
[EventType "tourn"]
[EventRounds "13"]
[EventCountry "NED"]
[EventCategory "20"]
[SourceTitle "CBM 183"]
[Source "ChessBase"]
[SourceDate "2018.03.14"]
[SourceVersion "1"]
[SourceVersionDate "2018.03.14"]
[SourceQuality "1"]

1. e4 {[%emt 0:00:07]} e5 {[%emt 0:00:10]} 2. Nf3 {[%emt 0:00:39]} Nc6 {[%emt 0:00:09]} 3. Nc3 {[%emt 0:00:51]} Nf6 {[%emt 0:00:25]} 4. d4 {[%emt 0:00:07]} exd4 {[%emt 0:00:22]} 5. Nxd4 {[%emt 0:00:05]} Bb4 {[%emt 0:00:19]} 6. Nxc6 {[%emt 0:00:13]} bxc6 {[%emt 0:00:03]} 7. Bd3 {[%emt 0:00:16]} d5 {[%emt 0:01:36]} 8. exd5 {[%emt 0:00:15]} O-O {[%emt 0:00:10]} 9. O-O {[%emt 0:00:03]} cxd5 {[%emt 0:00:07]} 10. Bg5 {[%emt 0:01:31]} c6 {[%emt 0:00:14]} 11. Qf3 {[%emt 0:00:39] It is interesting how these things change. In 2008 this line was taught to me from the White side by Ukrainian-Israeli GM Boris Alterman; shortly after becoming an IM (in 2011) I viewed it as primarily a drawing weapon and now I think it's just a way to get a long and strategically messy game which the better player will probably win. That is in fact what occurred.} Bd6 {[%emt 0:02:48]} (11... Rb8 12. h3 {probably brings White a little bit closer to his dream of a4, b3, c4, f4 and ad1.}) (11... Be7 {is more played and is most solid, but the doubled f-pawns are not something to get that scared about.}) 12. Rae1 {[%emt 0:01:50] Possibly preparation, but in any case quite logical to take the e5-square from Black's bishop.} (12. h3 {is main, and now a tactic worth knowing is} Rb8 13. b3 Be5 14. Bf4 $5 {although it doesn't necessarily promise White anything after} Bxc3 15. Bxb8 Bxa1 16. Rxa1 Bg4 17. hxg4 Qxb8 $11 {Morozevich,A-Kramnik,V Moscow 2013. However, we were not destined to see another bishop-vs- knight-and-solid-d5-centre draw this round.}) 12... Rb8 {[%emt 0:06:40]} 13. b3 {[%emt 0:02:24] Keeping equality.} (13. Na4 h6 $1 $15) ({RR} 13. Bxf6 Qxf6 14. Qxf6 gxf6 15. Nd1 Bd7 16. b3 Rfe8 17. Rxe8+ Rxe8 18. Ne3 {½-½ (18) Tomashevsky,E (2681)-Karjakin,S (2750) Moscow RUS 2023}) 13... a5 $146 {[%emt 0:13:26]} (13... Bb4 {tries to take advantage of White's tactically vulnerable pieces. There could follow:} 14. Qg3 Bd7 {and I assume Carlsen saw this and steered clear due to the drawing line} 15. Qh4 $1 h6 16. Bxh6 $11) ({RR} 13... Bb4 14. Bd2 Bg4 15. Qg3 Qa5 16. a3 Bxa3 17. Ra1 Qc5 18. Na4 Qd6 19. Bf4 Nh5 20. Bxd6 Nxg3 21. Bxg3 {1-0 (21) Nguyen,V (2423)-Jackson,B (2165) Chess.com INT 2016}) ({RR} 13... h6 14. Bxf6 Qxf6 15. Qxf6 gxf6 16. Ne2 Re8 17. Nd4 Bd7 18. Nf5 Bxf5 19. Bxf5 Bb4 20. Rxe8+ Rxe8 21. Bd7 Re2 22. Bxc6 Rxc2 23. Bxd5 Rxa2 24. g4 Bc3 25. Bc4 Ra1 26. Rxa1 Bxa1 27. Kg2 Bd4 28. f4 {Zhang,D (2370)-Xie Jianjun (2351) Tianjin CHN 2024 ½-½ (32)}) ({RR} 13... h6 14. Bxf6 Qxf6 15. Qxf6 gxf6 16. Ne2 Re8 17. Ng3 Re5 18. f4 Rxe1 19. Rxe1 Kf8 20. Nh5 Bb4 21. Re2 Bc3 22. h3 c5 23. Kh2 a5 24. Re3 Bd4 25. Rg3 a4 26. Bh7 Bb2 27. Rg8+ Ke7 28. Bf5 {Petrov,V (1980)-Khmelniker,I (2523) Plovdiv 2012 0-1 (45)}) 14. h3 {[%emt 0:05:11]} h6 {[%emt 0:05:20]} 15. Bxf6 {[%emt 0:00:12]} Qxf6 {[%emt 0:00:03]} 16. Qxf6 {[%emt 0:00:07]} gxf6 {[%emt 0:00:19]} 17. Ne2 {[%emt 0:00:07]} c5 {[%emt 0:08:27]} 18. Ng3 {[%emt 0:02:40]} Rd8 {[%emt 0:00:40]} 19. Nf5 {[%emt 0:02:17] So White has emerged with a marginally more comfortable position from the opening, but Black isn't giving up on trying to win just yet.} Bf8 $1 {[%emt 0:03:03] Bishops of the same colour always offer more imbalance, and in this case White needs to be concerned about the ...c4 push too.} (19... Bxf5 20. Bxf5 a4 21. g3 axb3 22. axb3 Be5 $11 {would be a reasonably solid way to make a draw.}) 20. Ne7+ {[%emt 0:14:20]} Bxe7 {[%emt 0:00:03]} 21. Rxe7 {[%emt 0:00:06]} Be6 {[%emt 0:01:18]} 22. Rd1 {[%emt 0:06:01]} (22. Ra7 $1 {As always, White should exchange precisely one pair of rooks, and this poses Black some significant problems.} Ra8 (22... c4 23. Be2 {is inconvenient for Black as he doesn't obtain enough in the event of ...c4, but} Ra8 {is also bad:} 24. Rxa8 Rxa8 25. f4 $14) 23. Rxa8 Rxa8 24. f4 (24. g4 h5 $11) 24... f5 $1 (24... Kf8 25. Kf2 Ke7 26. g4 $14 {leads to the same problem as in Giri-Hou yesterday, and a Rubinstein game about 100 years ago: the isolated rook's pawn is often a major weakness.}) 25. g4 fxg4 26. f5 Bd7 27. hxg4 Re8 $11) 22... c4 {[%emt 0:09:45]} 23. Be2 {[%emt 0:20:23]} a4 {[%emt 0:00:23] Now Black is having some fun: possibly Adhiban missed from afar that ...xc2 can pin a bishop to a c7-rook a few moves into certain lines.} 24. bxa4 {[%emt 0:01:35]} Bf5 $6 {[%emt 0:03:32] Either an inaccuracy or a slight gamble. Either way, it makes the game look a bit less 'smooth' given that it is a win in the end, but also increased the likelihood of that being the result.} (24... Kf8 25. Rc7 Rb2 $132 {was for instance one reasonable continuation for Black.}) 25. Bf3 $2 {[%emt 0:20:41] Missing the accidental chance.} (25. c3 $1 Ra8 (25... d4 26. Bxc4 dxc3 27. Rxd8+ Rxd8 28. Bb3 $14) 26. Rc7 $1 {The point is that White can use the pin on the d-file, and for this reason Black is unable to take on a4. For instance:} Be6 27. f4 f5 28. Rd2 $14) 25... d4 $1 $15 {[%emt 0:01:40]} 26. a5 $2 {[%emt 0:08:52]} (26. Re2 Rb2 27. Red2 {is the engine suggestion but following} d3 $5 {it is also a bit depressing, e.g.} 28. cxd3 (28. c3 Rb6 29. a5 Ra6 $15) 28... c3 29. Rxb2 cxb2 30. Rb1 Rb8 31. Be4 Be6 32. a5 Bxa2 33. Rxb2 Rxb2 34. a6 Rb1+ 35. Kh2 Ra1 36. a7 Bd5 37. Bxd5 Rxa7 $15 {and the endgame should be held, especially at this level: bishop goes to f5 and is supported by g4, for instance, but it requires a certain appetite for suffering to go in for this.}) 26... Bxc2 $19 {[%emt 0:01:45]} 27. Rc1 {[%emt 0:00:36]} Rb1 {[%emt 0:06:42]} 28. Rxb1 {[%emt 0:09:46]} Bxb1 {[%emt 0:00:03]} 29. Rc7 {[%emt 0:03:43]} c3 {[%emt 0:00:49] The engine takes a while to realise, but White is toast.} 30. Bd1 {[%emt 0:02:52]} (30. Kf1 Re8 {snares the a5-pawn in a reasonably funny way.}) 30... Ra8 {[%emt 0:02:33]} 31. Rc5 {[%emt 0:00:56]} Bxa2 {[%emt 0:00:47]} 32. Bc2 {[%emt 0:00:16]} Be6 {[%emt 0:01:47]} 33. Kf1 {[%emt 0:02:06]} Rc8 {[%emt 0:00:59]} 34. Rxc8+ {[%emt 0:00:10]} Bxc8 {[%emt 0:00:02]} 35. Ke2 {[%emt 0:03:28]} Ba6+ {[%emt 0:00:03]} 36. Kf3 {[%emt 0:00:11]} d3 {[%emt 0:00:19] A very well played game!} 0-1

[Event "Tata Steel-A 80th"]
[Site "Wijk aan Zee"]
[Date "2018.01.16"]
[Round "4"]
[White "Giri, Anish"]
[Black "Carlsen, Magnus"]
[Result "1/2-1/2"]
[WhiteElo "2752"]
[BlackElo "2834"]
[PlyCount "61"]
[EventDate "2018.01.13"]
[EventType "tourn"]
[EventRounds "13"]
[EventCountry "NED"]
[EventCategory "20"]
[SourceTitle "CBM 183"]
[Source "ChessBase"]
[SourceDate "2018.03.14"]
[SourceVersion "1"]
[SourceVersionDate "2018.03.14"]
[SourceQuality "1"]
[TimeControl "40/6000+30:20/3000+30:900+30"]

1. e4 {[%emt 0:00:00]} e6 {[%emt 0:00:23]} 2. d4 {[%emt 0:00:00]} d5 {[%emt 0:00:07]} 3. Nc3 {[%emt 0:00:00]} Bb4 {[%emt 0:00:08]} 4. e5 {[%emt 0:00:00]} Ne7 {[%emt 0:00:11]} 5. a3 {[%emt 0:00:27]} Bxc3+ {[%emt 0:00:10]} 6. bxc3 {[%emt 0:00:03]} c5 {[%emt 0:00:15]} 7. Qg4 {[%emt 0:00:52]} cxd4 {[%emt 0:00:09]} 8. Qxg7 {[%emt 0:03:29]} Rg8 {[%emt 0:00:09]} 9. Qxh7 {[%emt 0:00:03]} Qc7 {[%emt 0:00:17]} 10. Ne2 {[%emt 0:00:15]} Nbc6 {[%emt 0:00:23]} 11. f4 {[%emt 0:00:19]} dxc3 {[%emt 0:00:08]} 12. Nxc3 {[%emt 0:05:59]} Nd4 {[%emt 0:00:25]} 13. Bb2 {[%emt 0:09:42]} Bd7 {[%emt 0:02:15]} 14. O-O-O {[%emt 0:00:58]} Qb6 {[%emt 0:00:45]} ({RR} 14... Ndf5 15. Qh3 Qc5 16. Rd2 O-O-O 17. g4 Ne3 18. Nd1 Nxf1 19. Rxf1 Bb5 20. Re1 Nc6 21. f5 d4 22. fxe6 fxe6 23. Nf2 Nxe5 24. Ne4 Qc6 25. Bxd4 Nd3+ 26. Rxd3 Bxd3 27. Qxd3 e5 28. Nf6 Qxf6 29. Qc3+ {Karjakin,S (2786)-Nepomniachtchi,I (2703) Moscow 2013 ½-½ (73)}) 15. Qd3 {[%emt 0:13:31]} Ndf5 {[%emt 0:00:19]} 16. Rd2 $146 {[%emt 0:01:11]} ({RR} 16. Nb5 Rc8 17. g3 a6 18. Nd4 Ba4 19. Rd2 Rc4 20. Bg2 Nxd4 21. Bxd4 Qb5 22. Bf1 Qc6 23. Qh7 Rg7 24. Qh8+ Rg8 25. Qh7 Rg7 26. Qh8+ Rg8 27. Qh7 {½-½ (27) Horvath,C (2515)-Balog,I (2539) Budapest 2013}) ({RR} 16. Nb5 O-O-O 17. g3 a6 18. Nd4 Kb8 19. Qb3 Qa7 20. Bh3 Rc8 21. Nxf5 exf5 22. Bd4 Qa8 23. Qb4 Rce8 24. Qd6+ Kc8 25. Bb6 Qb8 26. Qc5+ Bc6 27. Bg2 {1-0 (27) Nijboer,F (2525)-Wirschell,T (2325) Antwerp 1996}) 16... Rc8 {[%emt 0:06:56]} 17. g3 {[%emt 0:03:47]} Ne3 {[%emt 0:10:51]} 18. Ne4 {[%emt 0:14:49]} Rxc2+ {[%emt 0:07:35]} 19. Rxc2 {[%emt 0:00:54]} dxe4 {[%emt 0:00:03]} 20. Qxe4 {[%emt 0:05:59]} Nxc2 {[%emt 0:01:38]} 21. Qxc2 {[%emt 0:00:07]} Bc6 {[%emt 0:01:54]} 22. Bg2 {[%emt 0:00:20]} Bxg2 {[%emt 0:00:29]} 23. Qxg2 {[%emt 0:00:05]} Nd5 {[%emt 0:00:07]} 24. Kb1 {[%emt 0:09:31]} Nc3+ {[%emt 0:00:31]} 25. Ka1 {[%emt 0:00:24]} Qb3 {[%emt 0:00:28]} 26. Bxc3 {[%emt 0:00:05]} Qxa3+ {[%emt 0:00:09]} 27. Kb1 {[%emt 0:00:18]} Qxc3 {[%emt 0:00:04]} 28. Rc1 {[%emt 0:10:34]} Qb4+ {[%emt 0:00:15]} 29. Qb2 {[%emt 0:00:54]} Qe4+ {[%emt 0:00:09]} 30. Qc2 {[%emt 0:00:05]} Qb4+ {[%emt 0:00:11]} 31. Qb2 {[%emt 0:00:05]} 1/2-1/2